<?xml version="1.0" encoding="UTF-8"?><?xml-stylesheet type="text/xsl" href="static/style.xsl"?><OAI-PMH xmlns="http://www.openarchives.org/OAI/2.0/" xmlns:xsi="http://www.w3.org/2001/XMLSchema-instance" xsi:schemaLocation="http://www.openarchives.org/OAI/2.0/ http://www.openarchives.org/OAI/2.0/OAI-PMH.xsd"><responseDate>2026-06-07T05:26:13Z</responseDate><request verb="GetRecord" identifier="oai:riuma.uma.es:10630/40546" metadataPrefix="marc">https://riuma.uma.es/rest/oai/request</request><GetRecord><record><header><identifier>oai:riuma.uma.es:10630/40546</identifier><datestamp>2026-02-03T11:17:48Z</datestamp><setSpec>com_10630_2254</setSpec><setSpec>col_10630_37953</setSpec></header><metadata><record xmlns="http://www.loc.gov/MARC21/slim" xmlns:dcterms="http://purl.org/dc/terms/" xmlns:doc="http://www.lyncode.com/xoai" xmlns:xsi="http://www.w3.org/2001/XMLSchema-instance" xsi:schemaLocation="http://www.loc.gov/MARC21/slim http://www.loc.gov/standards/marcxml/schema/MARC21slim.xsd">
   <leader>00925njm 22002777a 4500</leader>
   <datafield ind2=" " ind1=" " tag="042">
      <subfield code="a">dc</subfield>
   </datafield>
   <datafield ind2=" " ind1=" " tag="720">
      <subfield code="a">Sánchez-Cubo, Francisco</subfield>
      <subfield code="e">author</subfield>
   </datafield>
   <datafield ind2=" " ind1=" " tag="720">
      <subfield code="a">Mondéjar-Jiménez, José</subfield>
      <subfield code="e">author</subfield>
   </datafield>
   <datafield ind2=" " ind1=" " tag="720">
      <subfield code="a">García-Pozo, Alejandro</subfield>
      <subfield code="e">author</subfield>
   </datafield>
   <datafield ind2=" " ind1=" " tag="260">
      <subfield code="c">2023-01-10</subfield>
   </datafield>
   <datafield ind2=" " ind1=" " tag="520">
      <subfield code="a">Purpose: The importance of workers in labour-intensive industries, such as tourism, is&#xd;
undeniable. In this sense, it has been investigated for decades from various&#xd;
methodological approaches. However, in the academic literature on tourism, the PLSSEM path modelling technique has hardly been used. Methodology: Therefore, this work&#xd;
uses that technique to contrast which factors define the employees' wages in the Spanish&#xd;
tourism industry. Additionally, an IPMA analysis is carried out, which provides informed&#xd;
decision-making. Findings: Thus, the main results obtained are the verification and&#xd;
measurement of the relationships of Human Capital, Labour Conditions and Market with&#xd;
Wages, and the relation between Human Capital and Labour Conditions. Besides, the&#xd;
improvement points in each variable are identified. Especial emphasis is given to those&#xd;
related to Human Capital and, partially, to the Market. Originality: Considering the&#xd;
turning point that the temporary cessation of the tourism industry activity due to the&#xd;
COVID-19 pandemic has been, it is essential to take advantage of it to identify and correct&#xd;
existing deficiencies. Therefore, this work aims to be a base document for the&#xd;
identification of these problems. Research limitations: However, there are certain&#xd;
limitations to this study. Mainly, as the indicators used are given by the 2018 Salary&#xd;
Structure Survey, they are stiff, and so the design of the model turns to be more difficult.</subfield>
   </datafield>
   <datafield ind1="8" ind2=" " tag="024">
      <subfield code="a">Sánchez-Cubo, F., Mondéjar-Jiménez, J., &amp; García-Pozo, A. (2023). An approach to the defining factors of salaries in the Spanish tourist sector. Academia Revista Latinoamericana de Administración, 36(1), 85-97. https://doi.org/10.1108/arla-05-2022-0106</subfield>
   </datafield>
   <datafield ind1="8" ind2=" " tag="024">
      <subfield code="a">https://hdl.handle.net/10630/40546</subfield>
   </datafield>
   <datafield ind1="8" ind2=" " tag="024">
      <subfield code="a">10.1108/ARLA-05-2022-0106</subfield>
   </datafield>
   <datafield tag="653" ind2=" " ind1=" ">
      <subfield code="a">Turismo - España</subfield>
   </datafield>
   <datafield tag="653" ind2=" " ind1=" ">
      <subfield code="a">Hostelería</subfield>
   </datafield>
   <datafield tag="653" ind2=" " ind1=" ">
      <subfield code="a">Condiciones de trabajo</subfield>
   </datafield>
   <datafield tag="653" ind2=" " ind1=" ">
      <subfield code="a">Recursos humanos</subfield>
   </datafield>
   <datafield tag="653" ind2=" " ind1=" ">
      <subfield code="a">Salarios</subfield>
   </datafield>
   <datafield ind2="0" ind1="0" tag="245">
      <subfield code="a">An Approach to the Defining Factors of Salaries in the Spanish Tourist Sector.</subfield>
   </datafield>
</record>
</metadata></record></GetRecord></OAI-PMH>